| 000 | 00619nam a2200253Ia 4500 | ||
|---|---|---|---|
| 003 | OSt | ||
| 005 | 20220918221226.0 | ||
| 006 | a|||||r|||| 00| 0 | ||
| 007 | ta | ||
| 008 | 220917b |||||||| |||| 00| 0 eng d | ||
| 024 | _a148,838 | ||
| 037 | _cTextual | ||
| 040 |
_aARTS _cARTS _beng |
||
| 041 |
_2eng _aeng |
||
| 082 | _aTz7, J3,J3;1 | ||
| 110 | _aUNESCO | ||
| 245 | 0 | _aHumanism and education in East and West | |
| 260 | _c1953 | ||
| 490 | _aUnity and diversity of cultures; 1 | ||
| 650 | _aEDUCATION | ||
| 700 | _aUNESCO | ||
| 942 |
_hTz7, J3,J3;1 _cTEXL _2CC |
||
| 999 |
_c271514 _d271514 |
||